MARC details
| 000 -LEADER |
| fixed length control field |
03267cam a2200349 a 4500 |
| 001 - CONTROL NUMBER |
| control field |
15925035 |
| 003 - CONTROL NUMBER IDENTIFIER |
| control field |
mut |
| 005 - DATE AND TIME OF LATEST TRANSACTION |
| control field |
20240606081130.0 |
| 008 - FIXED-LENGTH DATA ELEMENTS--GENERAL INFORMATION |
| fixed length control field |
090928s2010 miuab j b 001 0 eng |
| 010 ## - LIBRARY OF CONGRESS CONTROL NUMBER |
| LC control number |
2009040117 |
| 020 ## - INTERNATIONAL STANDARD BOOK NUMBER |
| International Standard Book Number |
9780737746631 (hardcover) |
| 020 ## - INTERNATIONAL STANDARD BOOK NUMBER |
| International Standard Book Number |
0737746637 (hardcover) |
| 020 ## - INTERNATIONAL STANDARD BOOK NUMBER |
| International Standard Book Number |
9780737746648 (pbk.) |
| 020 ## - INTERNATIONAL STANDARD BOOK NUMBER |
| International Standard Book Number |
0737746645 (pbk.) |
| 035 ## - SYSTEM CONTROL NUMBER |
| System control number |
(OCoLC)ocn441153598 |
| 040 ## - CATALOGING SOURCE |
| Original cataloging agency |
DLC |
| Transcribing agency |
DLC |
| Modifying agency |
YDX |
| -- |
YDXCP |
| -- |
GZI |
| -- |
QBX |
| -- |
DLC |
| 050 00 - LIBRARY OF CONGRESS CALL NUMBER |
| Classification number |
HV8694 |
| Item number |
.C2845 2010 |
| 082 00 - DEWEY DECIMAL CLASSIFICATION NUMBER |
| Classification number |
364.66 |
| Edition information |
22 |
| 245 00 - TITLE STATEMENT |
| Title |
Capital punishment / |
| 260 ## - PUBLICATION, DISTRIBUTION, ETC. |
| Place of publication, distribution, etc. |
Detroit : |
| Name of publisher, distributor, etc. |
Greenhaven Press, |
| Date of publication, distribution, etc. |
c2010. |
| 300 ## - PHYSICAL DESCRIPTION |
| Extent |
237 p. : |
| Other physical details |
ill., maps ; |
| Dimensions |
23 cm. |
| 490 1# - SERIES STATEMENT |
| Series statement |
Global viewpoints |
| 504 ## - BIBLIOGRAPHY, ETC. NOTE |
| Bibliography, etc. note |
Includes bibliographical references and index. |
| 505 00 - FORMATTED CONTENTS NOTE |
| Title |
French juries should not impose the death penalty for even heinous crimes / |
| Statement of responsibility |
Robert Badinter -- |
| Title |
Europe is hypocritical to oppose the death penalty but not abortion / |
| Statement of responsibility |
John Jalsevac -- |
| Title |
Thailand's death penalty contradicts Buddhist morality / |
| Statement of responsibility |
Danthong Breen -- |
| Title |
The morality of the death penalty in India is unclear / |
| Statement of responsibility |
Vir Sanghvi -- |
| Title |
Judaism supports the death penalty / |
| Statement of responsibility |
Steven Plaut -- |
| Title |
In the Caribbean, citizens want the death penalty carried out / |
| Statement of responsibility |
Darcus Howe -- |
| Title |
In China, capital punishment is popular for traditional reasons / |
| Statement of responsibility |
Virgil K.Y. Ho -- |
| Title |
In Indonesia, the popularity of the death penalty makes abolition unlikely / |
| Statement of responsibility |
Community of Sant'Egidio -- |
| Title |
Governments with popular support are more likely to abolish the death penalty / |
| Statement of responsibility |
Carsten Anckar -- |
| Title |
Positive death penalty attitudes may affect decisions on non-capital sentencing / |
| Statement of responsibility |
Stuart J. McKelvie -- |
| Title |
Iran must stop executing children / |
| Statement of responsibility |
Human Rights Watch -- |
| Title |
Saudi Arabia's death penalty process is arbitrary and unjust / |
| Statement of responsibility |
Christoph Wilcke -- |
| Title |
The death penalty in the Palestinian Territories is unconstitutional and unjust / |
| Statement of responsibility |
Palestinian Centre for Human Rights -- |
| Title |
Japan's death penalty process is shrouded in secrecy / |
| Statement of responsibility |
Charles Lane -- |
| Title |
Singapore's mandatory death penalty is unjust / |
| Statement of responsibility |
South Asia Human Rights Documentation Centre -- |
| Title |
Reforms may make China's death penalty process more just / |
| Statement of responsibility |
Hong Lu, |
| -- |
Terance D. Miethe -- |
| Title |
In Russia, a death penalty moratorium may lead to abolition / |
| Statement of responsibility |
Victoria Sergeyeva, |
| -- |
Kester Kenn Klomegah -- |
| Title |
Extradition treaties have restricted the use of the death penalty / |
| Statement of responsibility |
William A. Schabas -- |
| Title |
Ukraine abolished the death penalty because of pressure from Europe / |
| Statement of responsibility |
Sangmin Bae -- |
| Title |
The European Union exerts pressure on the United States to abolish the death penalty / |
| Statement of responsibility |
European Union Insight -- |
| Title |
The United States violated international law in executing Mexican nationals / |
| Statement of responsibility |
Kate Randall -- |
| Title |
Australia should work harder against the death penalty / |
| Statement of responsibility |
Michael Fullilove -- |
| Title |
The Philippines must do more to help its nationals who face execution abroad / |
| Statement of responsibility |
Aubrey S. C. Makilan. |
| 650 #0 - SUBJECT ADDED ENTRY--TOPICAL TERM |
| Topical term or geographic name entry element |
Capital punishment |
| Form subdivision |
Juvenile literature. |
| 650 #0 - SUBJECT ADDED ENTRY--TOPICAL TERM |
| Topical term or geographic name entry element |
Capital punishment |
| Form subdivision |
Cross-cultural studies |
| -- |
Juvenile literature. |
| 700 1# - ADDED ENTRY--PERSONAL NAME |
| Personal name |
Berlatsky, Noah. |
| 830 #0 - SERIES ADDED ENTRY--UNIFORM TITLE |
| Uniform title |
Global viewpoints. |
| 906 ## - LOCAL DATA ELEMENT F, LDF (RLIN) |
| a |
7 |
| b |
cbc |
| c |
orignew |
| d |
1 |
| e |
ecip |
| f |
20 |
| g |
y-gencatlg |
| 942 ## - ADDED ENTRY ELEMENTS (KOHA) |
| Source of classification or shelving scheme |
Library of Congress Classification |
| Koha item type |
Books |